[Event "DSM WK M 2010"]
[Site "Karlsruhe GER"]
[Date "2010.05.08"]
[Round "5"]
[White "Reinecke, Lena"]
[Black "Wilken, Andrea"]
[Result "1-0"]
[Termination "normal"]
[Board "6.3"]
[WhiteElo "800"]
[BlackElo "800"]
[WhiteTeam "Mallinckrodt-Gymnasium Dortmund"]
[BlackTeam "Gymnasium am Thie Blankenburg"]
[PlyCount "65"]
[EventCountry "GER"]
[EventRounds "7"]
[EventType "team-swiss"]
[EventDate "2010.05.06"]

1. e4 e5 2. Nf3 Nc6 3. Bc4 Nf6 4. Ng5 Rg8 5. O-O d5 6. exd5 Nxd5 7. d3 h6 8.
Ne4 Bf5 9. Nbd2 Bxe4 10. Nxe4 Qe7 11. Bxd5 Na5 12. Qf3 Rh8 13. Bd2 c6 14. Bc4
Nxc4 15. dxc4 Qe6 16. Qd3 Rd8 17. Qe2 Rd4 18. Bc3 Rxc4 19. Rad1 Be7 20. Rd3 c5
21. b3 Rd4 22. Bxd4 exd4 23. c3 Bd8 24. cxd4 cxd4 25. Rxd4 Bc7 26. Rc1 Qe5 27.
Qc4 Bd8 28. Rd5 Qc7 29. Qxc7 Bxc7 30. Rxc7 f6 31. Nc5 b6 32. Nb7 a6 33. Rd8#
1-0

[Event "DSM WK M 2010"]
[Site "Karlsruhe GER"]
[Date "2010.05.08"]
[Round "5"]
[White "Lehmann, Frederike"]
[Black "Frieling, Nora"]
[Result "0-1"]
[Termination "normal"]
[Board "6.4"]
[WhiteElo "800"]
[BlackElo "800"]
[WhiteTeam "Gymnasium am Thie Blankenburg"]
[BlackTeam "Mallinckrodt-Gymnasium Dortmund"]
[PlyCount "76"]
[EventCountry "GER"]
[EventRounds "7"]
[EventType "team-swiss"]
[EventDate "2010.05.06"]

1. e4 e5 2. Nf3 Nc6 3. Nc3 Nf6 4. d3 Bc5 5. Bg5 d6 6. Nb5 Bg4 7. h3 Bh5 8. g4
Bg6 9. Nh4 Ne7 10. Nf5 Bxf5 11. gxf5 O-O 12. Nd4 Bxd4 13. c3 Bc5 14. d4 exd4
15. cxd4 Bb4+ 16. Bd2 Nc6 17. Bd3 Bxd2+ 18. Kxd2 Nxd4 19. h4 Re8 20. h5 h6 21.
Qg1 Nf3+ 22. Ke3 Nxg1 23. Rhxg1 d5 24. Kd4 dxe4+ 25. Ke3 exd3+ 26. Kd2 Ne4+ 27.
Ke3 Qd7 28. Rg2 Rab8 29. Rag1 Nxf2+ 30. Kxf2 Qd4+ 31. Kf1 d2 32. Rxg7+ Kh8 33.
b3 d1=Q+ 34. Kg2 Q1xg1+ 35. Kf3 Qgxg7 36. a4 Re3+ 37. Kf2 Qd2+ 38. Kf1 Re1# 0-1

[Event "DSM WK M 2010"]
[Site "Karlsruhe GER"]
[Date "2010.05.08"]
[Round "5"]
[White "Brüser, Antonia"]
[Black "Berdin, Victoria"]
[Result "0-1"]
[Termination "normal"]
[Board "7.1"]
[WhiteElo "768"]
[BlackElo "1073"]
[WhiteTeam "KGS Stella Neubrandenburg"]
[BlackTeam "Freiherr-vom-Stein-Gymnasium Berlin"]
[PlyCount "122"]
[BlackFideId "24693901"]
[EventCountry "GER"]
[EventRounds "7"]
[EventType "team-swiss"]
[EventDate "2010.05.06"]

1. e4 e5 2. Nf3 Nc6 3. Bc4 Bc5 4. Nc3 d6 5. d3 Nf6 6. Bg5 h6 7. Be3 Bb6 8. Qd2
Bg4 9. h3 Bxf3 10. gxf3 Qd7 11. O-O-O O-O-O 12. Bb5 a6 13. Ba4 d5 14. exd5 Nxd5
15. Nxd5 Qxd5 16. f4 Qxa2 17. Qc3 Qxa4 18. fxe5 Bxe3+ 19. fxe3 Qb4 20. Qe1 Qxe1
21. Rhxe1 Nxe5 22. d4 Ng6 23. Rf1 Rhf8 24. Rg1 Rde8 25. Rde1 Re7 26. e4 Rfe8
27. e5 Nf4 28. Rxg7 Nxh3 29. Rg3 Nf4 30. Rf3 Nd5 31. Rf2 h5 32. Rfe2 h4 33. Rg1
f6 34. Rg4 h3 35. Rh4 fxe5 36. Rxe5 Rxe5 37. dxe5 Rxe5 38. Rxh3 Re2 39. Rh7 Nb4
40. Rh8+ Kd7 41. Rh7+ Kc6 42. Rh6+ Kb5 43. Rh5+ c5 44. b3 Rxc2+ 45. Kd1 Rc3 46.
Kd2 Rxb3 47. Rh4 a5 48. Rh8 a4 49. Rb8 b6 50. Re8 a3 51. Ra8 a2 52. Kc1 Rb1+
53. Kd2 a1=Q 54. Rxa1 Rxa1 55. Kc3 Ra3+ 56. Kd2 Kc4 57. Ke2 Kd4 58. Kf2 c4 59.
Ke2 c3 60. Kd1 Kd3 61. Kc1 Ra1# 0-1

[Event "DSM WK M 2010"]
[Site "Karlsruhe GER"]
[Date "2010.05.08"]
[Round "5"]
[White "Erol, Nuriye Özgü"]
[Black "Pfahl, Danielle"]
[Result "1/2-1/2"]
[Termination "normal"]
[Board "7.2"]
[WhiteElo "800"]
[BlackElo "800"]
[WhiteTeam "Freiherr-vom-Stein-Gymnasium Berlin"]
[BlackTeam "KGS Stella Neubrandenburg"]
[PlyCount "109"]
[EventCountry "GER"]
[EventRounds "7"]
[EventType "team-swiss"]
[EventDate "2010.05.06"]

1. e4 e5 2. Nf3 Nc6 3. Nc3 Bc5 4. Bc4 Nf6 5. d3 d6 6. O-O Bg4 7. Be3 Qd7 8. h3
Bh5 9. Nd5 O-O-O 10. Nxf6 gxf6 11. a3 f5 12. Bxc5 dxc5 13. Bd5 Rde8 14. Bxc6
Qxc6 15. exf5 e4 16. g4 exf3 17. Re1 Rd8 18. gxh5 c4 19. Re3 Rhg8+ 20. Kf1 h6
21. Rxf3 Rg5 22. b3 cxb3 23. cxb3 Qd6 24. h4 Rxh5 25. Rh3 Rxf5 26. Qg4 Qe6 27.
d4 Rdd5 28. Re1 Qd7 29. Qg8+ Qd8 30. Re8 Rxd4 31. Qxf7 Rxf7 32. Rxd8+ Rxd8 33.
Kg2 Rd2 34. Rf3 Rxf3 35. Kxf3 Rd3+ 36. Kg4 Rxb3 37. f4 Rxa3 38. f5 Kd8 39. Kh5
Ra5 40. Kxh6 Rxf5 41. Kg6 Rf4 42. h5 Rf8 43. Kg7 Ke8 44. h6 c5 45. h7 c4 46.
h8=Q Rxh8 47. Kxh8 c3 48. Kg7 c2 49. Kf6 c1=Q 50. Ke5 Qd2 51. Ke6 b5 52. Kf6
Qd4+ 53. Kf5 Ke7 54. Kg6 Qe5 55. Kh6 {irrtümlich auf Patt geeinigt:} 1/2-1/2

[Event "DSM WK M 2010"]
[Site "Karlsruhe GER"]
[Date "2010.05.08"]
[Round "5"]
[White "Miloslavski, Taisija"]
[Black "Kieckbusch, Sabrina"]
[Result "1-0"]
[Termination "normal"]
[Board "7.4"]
[WhiteElo "800"]
[BlackElo "800"]
[WhiteTeam "Freiherr-vom-Stein-Gymnasium Berlin"]
[BlackTeam "KGS Stella Neubrandenburg"]
[PlyCount "83"]
[EventCountry "GER"]
[EventRounds "7"]
[EventType "team-swiss"]
[EventDate "2010.05.06"]

1. e4 e5 2. d3 Bc5 3. f3 Qh4+ 4. g3 Qd8 5. Nc3 Nf6 6. a3 Nh5 7. b4 Bb6 8. Nge2
Nc6 9. Nd5 O-O 10. Nxb6 axb6 11. Bb2 b5 12. d4 exd4 13. Nxd4 Nxd4 14. Bxd4 c6
15. f4 Re8 16. e5 Ra4 17. Qxh5 b6 18. Qh4 Qc7 19. Qg4 c5 20. Bc3 cxb4 21. Bxb5
bxc3 22. Bxa4 Qc4 23. Bxd7 Bxd7 24. Qxd7 Kf8 25. Rb1 Qe4+ 26. Kf2 b5 27. Rxb5
Qc4 28. Rhb1 Qe6 29. Qxe6 Rxe6 30. Rb6 Re7 31. Rb8+ Re8 32. Rxe8+ Kxe8 33. Rb7
Kf8 34. a4 Ke8 35. a5 Kd8 36. a6 Kc8 37. Rb3 h5 38. a7 f6 39. a8=Q+ Kc7 40. Qa6
Kd7 41. Rb7+ Kd8 42. Qa8# 1-0

[Event "DSM WK M 2010"]
[Site "Karlsruhe GER"]
[Date "2010.05.08"]
[Round "5"]
[White "Schellinger, Sara"]
[Black "Bykov, Ilona"]
[Result "1-0"]
[Termination "normal"]
[Board "8.1"]
[WhiteElo "800"]
[BlackElo "783"]
[WhiteTeam "Kant-Gymnasium Karlsruhe"]
[BlackTeam "Südendschule Karlsruhe"]
[PlyCount "63"]
[BlackFideId "12964433"]
[EventCountry "GER"]
[EventRounds "7"]
[EventType "team-swiss"]
[EventDate "2010.05.06"]

1. e4 e5 2. Nf3 Nc6 3. Nc3 Nf6 4. Bc4 Bc5 5. O-O d6 6. d3 h6 7. h3 g5 8. a3 Nd4
9. Nxd4 Bxd4 10. Qe2 Bxc3 11. bxc3 h5 12. Bxg5 Rg8 13. h4 Bg4 14. f3 Be6 15.
Bxe6 fxe6 16. d4 exd4 17. cxd4 e5 18. Rad1 Qe7 19. c3 Qe6 20. dxe5 dxe5 21. Rd3
Nd7 22. Qd2 Nc5 23. Rd5 Nb3 24. Qd3 c6 25. Rd8+ Rxd8 26. Bxd8 Nc5 27. Qd2 Qg6
28. Bg5 Qe6 29. f4 Nb3 30. Qd3 Qg4 31. fxe5 Rf8 32. Qd8# 1-0

[Event "DSM WK M 2010"]
[Site "Karlsruhe GER"]
[Date "2010.05.08"]
[Round "5"]
[White "Ketterer, Beatrice"]
[Black "Schmitt, Anja"]
[Result "0-1"]
[Termination "normal"]
[Board "8.2"]
[WhiteElo "800"]
[BlackElo "800"]
[WhiteTeam "Südendschule Karlsruhe"]
[BlackTeam "Kant-Gymnasium Karlsruhe"]
[PlyCount "48"]
[WhiteFideId "12983411"]
[EventCountry "GER"]
[EventRounds "7"]
[EventType "team-swiss"]
[EventDate "2010.05.06"]

1. e4 e5 2. Nf3 c6 3. Nc3 c5 4. d3 Nc6 5. Bg5 Be7 6. Bxe7 Ngxe7 7. Nd5 O-O 8.
Nxe7+ Nxe7 9. Nxe5 b6 10. c3 Bb7 11. Qg4 Ng6 12. Nxg6 fxg6 13. e5 h5 14. Qh3
Re8 15. d4 d6 16. dxc5 dxc5 17. Qe3 Qd7 18. Rd1 Qa4 19. Rd7 Qxd7 20. Bc4+ Kf8
21. Qf4+ Ke7 22. Qh4+ Kf8 23. Qh3 Rad8 24. e6 Qd1# 0-1

[Event "DSM WK M 2010"]
[Site "Karlsruhe GER"]
[Date "2010.05.08"]
[Round "5"]
[White "Oetzel, Helena"]
[Black "Weigold, Celina"]
[Result "1-0"]
[Termination "normal"]
[Board "8.4"]
[WhiteElo "800"]
[BlackElo "800"]
[WhiteTeam "Südendschule Karlsruhe"]
[BlackTeam "Kant-Gymnasium Karlsruhe"]
[PlyCount "101"]
[EventCountry "GER"]
[EventRounds "7"]
[EventType "team-swiss"]
[EventDate "2010.05.06"]

1. e3 e5 2. Nc3 Nc6 3. a3 d5 4. Nb5 a6 5. Nc3 d4 6. exd4 exd4 7. Ne4 g6 8. a4
f5 9. Ng5 h6 10. Ne6 Qd6 11. Nxf8 Kxf8 12. a5 Qe5+ 13. Ne2 Nxa5 14. Rxa5 b6 15.
Ra1 a5 16. g3 g5 17. Bg2 f4 18. Bxa8 c6 19. gxf4 gxf4 20. f3 d3 21. cxd3 Nf6
22. b3 b5 23. Rxa5 b4 24. Ra1 c5 25. O-O Ba6 26. Qc2 Qe8 27. Be4 Qe6 28. Bb2
Nxe4 29. fxe4 Qg6+ 30. Kh1 Ke8 31. Rfb1 Rf8 32. Ra2 Qh5 33. Qd1 f3 34. Ng1 f2
35. Nf3 f1=Q+ 36. Qxf1 Rxf3 37. Qd1 Qh3 38. Qg1 Bxd3 39. Rba1 Ke7 40. Ra6 h5
41. R1a5 Rf1 42. Ra7+ Ke6 43. R7a6+ Ke7 44. Rxc5 h4 45. Rc7+ Kd8 46. Raa7 Ke8
47. Re7+ Kd8 48. Red7+ Kc8 49. Rdc7+ Kd8 50. Rh7 Ke8 51. Rh8+ 1-0